000 01251naa a22003497a 4500
001 BR7703983
003 BR-BrBNA
005 20240918174024.0
007 ta
008 230509b bl.||||| |||| 00| 0 por d
040 _aBR-BrBNA
_bpor
_cBiblioteca Nacional de Agricultura
041 _a(Pt)
072 _aF25; F00
_b1410
_b9205
_b3820
_bG514
090 _aF25 BR7703983
100 1 _aPons, A.L.
100 1 _aMayer, E.M.
111 1 _a14. Reuniao Tecnica Anual do Feijao
_cPorto Alegre, RS (Brazil)
_d20 Jul 1977
245 1 _aEfeito de fontes, doses e epocas de aplicacao de nitrogenio em feijoeiro [Phaseolus vulgaris; Adubacao; Pratica cultural; Brasil]
260 3 _aPorto Alegre, RS (Brasil):
_c1977.
500 _aAta da 14. Reuniao Tecnica Anual do Feijao Porto Alegre, RS (Brasil): 1977. p. 87-94 (BR7703983-AM)F25
650 _aFertilidade do solo
650 _aProducao vegetal
650 _aFeijao
650 _aGrao
650 _aFertilizante nitrogenado
650 _aAdubacao
650 _aRendimento
650 _aPratica cultural
773 0 _tAta da 14. Reuniao Tecnica Anual do Feijao
_wF25 BR7703983
_gPorto Alegre, RS (Brasil), 1977. p. 87-94
909 _a202404
_bLucia
_c55
_dLucia Elande
942 _cAM
_2AGRIS
999 _c308394
_d308394